01173na a2200289 450000100060000000300080000600500170001400800410003102000180007203500100009004000250010008200210012509000200014624501140016624600480028026000670032830000240039550001140041950000970053365000460063065000270067665000310070370000190073494200130075395201020076699900150086812767MIRAKIL20181213155119.0160927b tu 000 0  a9789944096904 a12767 aMilasbturcTR-AnCHP a323.11bA43 2007 a323.11 A43 2007 aAleviler ayrımcılık ve insan haklarıbAyrımcılıkla mücadelede bir el kitabıcEditör Cahit Korkmaz aAyrımcılıkla mücadelede bir el kitabı aAnkarabHacı Bektaş Veli Anadolu Kültür Vakfıc[2007?] aviii, 88 s.c23 sm. aAlevi sivil toplum örgütlerinin izleme ve savunuculuk konularında kapasitesinin geliştirilmesi projesi aAvrupa Birliği demokrasi ve İnsan Hakları için Avrupa GirişimiMikro-Proje Programı aİnsan haklarıxAzınlıklarzTürkiye aYurttaşlık hakları aAlevilikxİnsan hakları aKorkmaz, Cahit 2ddccBKS a0001b0001d2016-08-01e2l0o323.11 A43 2007p000544r2016-08-01 00:00:00v0.00w2016-08-01yBKS c6774d6774